|
|
|
|
| LEADER |
03167nam a22004215i 4500 |
| 001 |
978-3-319-45695-9 |
| 003 |
DE-He213 |
| 005 |
20161208192921.0 |
| 007 |
cr nn 008mamaa |
| 008 |
161207s2017 gw | s |||| 0|eng d |
| 020 |
|
|
|a 9783319456959
|9 978-3-319-45695-9
|
| 024 |
7 |
|
|a 10.1007/978-3-319-45695-9
|2 doi
|
| 040 |
|
|
|d GrThAP
|
| 050 |
|
4 |
|a RL1-803
|
| 072 |
|
7 |
|a MJK
|2 bicssc
|
| 072 |
|
7 |
|a MED017000
|2 bisacsh
|
| 082 |
0 |
4 |
|a 616.5
|2 23
|
| 245 |
1 |
0 |
|a Fundamentals of Ethnic Hair
|h [electronic resource] :
|b The Dermatologist's Perspective /
|c edited by Crystal Aguh, Ginette A. Okoye.
|
| 264 |
|
1 |
|a Cham :
|b Springer International Publishing :
|b Imprint: Springer,
|c 2017.
|
| 300 |
|
|
|a XIII, 160 p. 83 illus., 80 illus. in color.
|b online resource.
|
| 336 |
|
|
|a text
|b txt
|2 rdacontent
|
| 337 |
|
|
|a computer
|b c
|2 rdamedia
|
| 338 |
|
|
|a online resource
|b cr
|2 rdacarrier
|
| 347 |
|
|
|a text file
|b PDF
|2 rda
|
| 505 |
0 |
|
|a Foreword -- Preface -- PART 1. STRUCTURE AND FUNCTION OF HAIR -- 1. Chemical and Physical Properties of Hair: Comparisons between Asian, Black and Caucasian Hair -- PART 2. AESTHETIC MODIFICATIONS OF ETHNIC HAIR -- 2. Chemical Modifications of Ethnic Hair -- 3. Thermal Modifications of Ethnic Hair -- 4. Ethnic Hairstyling Practices and Hair Prostheses I: Dreadlocks -- 5. Ethnic Hairstyling Practices and Hair Prostheses II: Wigs, Weaves and Other Extensions -- 6. Ethnic Hair Care Products -- PART 3. ETHNIC HAIR CARE: APPROACH TO DEVELOPING A HEALTHY HAIR CARE REGIMEN -- 7. Developing a Healthy Hair Regimen I: Formulating an Optimal Cleansing and Conditioning Regimen -- 8. Developing a Healthy Hair Regimen II: Transitioning to Chemical-Free Styling (to Natural Hair) and Prevention of Hair Trauma -- PART 4. HAIR AND SCALP DISORDERS SECONDARY TO HAIR CARE PRACTICES -- 9. Seborrheic Dermatitis -- 10. Scarring Alopecias Related to Hairstyling Practices -- 11. Pseudofolliculitis Barbae and Acne Keloidalis Nuchae -- PART 5. SPECIAL CULTURAL CONSIDERATIONS -- 12. Ethnic Hair Considerations for People of African, South Asian, Muslim and Sikh origins -- Glossary.
|
| 520 |
|
|
|a Written to address the growing trend of hair loss in ethnic populations, The Fundamentals of Ethnic Hair: A Dermatologist's Perspective elucidates the science of curly hair, demystifies prevailing hair styling trends, and presents practical advice for minimizing the harmful effects of these hair styling practices. Written from a dermatologist's perspective, this textbook seamlessly blends science and practical management. Chapters include physical and chemical properties of the hair, thermal and chemical straightening, extensions, razor bumps and special cultural considerations.
|
| 650 |
|
0 |
|a Medicine.
|
| 650 |
|
0 |
|a Dermatology.
|
| 650 |
1 |
4 |
|a Medicine & Public Health.
|
| 650 |
2 |
4 |
|a Dermatology.
|
| 700 |
1 |
|
|a Aguh, Crystal.
|e editor.
|
| 700 |
1 |
|
|a Okoye, Ginette A.
|e editor.
|
| 710 |
2 |
|
|a SpringerLink (Online service)
|
| 773 |
0 |
|
|t Springer eBooks
|
| 776 |
0 |
8 |
|i Printed edition:
|z 9783319456942
|
| 856 |
4 |
0 |
|u http://dx.doi.org/10.1007/978-3-319-45695-9
|z Full Text via HEAL-Link
|
| 912 |
|
|
|a ZDB-2-SME
|
| 950 |
|
|
|a Medicine (Springer-11650)
|